| 000 | 01593nam a2200349Ia 4500 | ||
|---|---|---|---|
| 001 | ebr10023656 | ||
| 003 | CaPaEBR | ||
| 006 | m u | ||
| 007 | cr cn||||||||| | ||
| 008 | 020405s2002 dcua sb 000 0 eng d | ||
| 020 | _z0821351257 | ||
| 040 |
_aCaPaEBR _cCaPaEBR |
||
| 035 | _a(OCoLC)52474692 | ||
| 050 | 1 | 4 |
_aHV5310.5 _b.P96 2002eb |
| 100 | 1 | _aPyne, Hnin Hnin. | |
| 245 | 1 | 0 |
_aGender dimensions of alcohol consumption and alcohol-related problems in Latin America and the Caribbean _h[electronic resource] / _cHnin Hnin Pyne, Mariam Claeson, Maria Correia. |
| 260 |
_aWashington, D.C. : _bWorld Bank, _cc2002. |
||
| 300 |
_avii, 44 p. : _bill. |
||
| 490 | 1 |
_aWorld Bank discussion paper, _x0259-210X ; _vno. 433 |
|
| 504 | _aIncludes bibliographical references (p. 41-44). | ||
| 533 |
_aElectronic reproduction. _bPalo Alto, Calif. : _cebrary, _d2009. _nAvailable via World Wide Web. _nAccess may be limited to ebrary affiliated libraries. |
||
| 650 | 0 |
_aDrinking of alcoholic beverages _zLatin America _xSex differences. |
|
| 650 | 0 |
_aDrinking of alcoholic beverages _zCaribbean Area _xSex differences. |
|
| 650 | 0 |
_aDrinking of alcoholic beverages _zLatin America _vStatistics. |
|
| 650 | 0 |
_aDrinking of alcoholic beverages _zCaribbean Area _vStatistics. |
|
| 655 | 7 |
_aElectronic books. _2local |
|
| 700 | 1 | _aClaeson, Mariam. | |
| 700 | 1 | _aCorreia, Maria. | |
| 710 | 2 | _aebrary, Inc. | |
| 830 | 0 |
_aWorld Bank discussion papers ; _v433. |
|
| 856 | 4 | 0 |
_uhttp://site.ebrary.com/lib/rucke/Doc?id=10023656 _zAn electronic book accessible through the World Wide Web; click to view |
| 999 |
_c7852 _d7852 |
||